| 000 | 01672nam0a2200337 4500 | ||
|---|---|---|---|
| 001 | RU\NLR\bibl\1772701 | ||
| 005 | 20260407071440.0 | ||
| 010 | _a978-966-554-105-9 | ||
| 035 | _a(NLR Aleph) 001763482 | ||
| 090 |
_a1593038 _c1593038 |
||
| 100 | _a20110524d2010 |||y0rusy50 ca | ||
| 101 | 0 | _arus | |
| 102 | _aRU | ||
| 105 | _aa ||||||||| | ||
| 200 | 1 |
_aПрiоритети реформування податковоï полiтики Украïни: як перейти вiд фiскалiзму до стимулювання дiловоï активностi? _eаналiлична доповiдь _f[Молдован О.О., Шевченко О.В., к.е.н., Єгорова О.О. _gНац. iн-т стратег. дослiджень |
|
| 210 |
_aКиïв _cНIСД _d2010 |
||
| 215 |
_a79 с. _cил. _d21 |
||
| 300 | _aАвт. указаны на обороте тит.л. | ||
| 320 | _aБиблиогр. в подстроч. примеч. | ||
| 606 | 1 |
_aНалоговая политика _yУкраина _92619096 _3RU\NLR\auth\661555656 |
|
| 686 | _aУ26(2)141.3(2Ук) | ||
| 700 | 1 |
_aМолдован _bО. О. _4070 |
|
| 701 | 1 |
_4070 _8ukr _7ca _aШевченко _bО. В. _cканд. экон. наук _gОльга Валерiïвна _3RU\NLR\AUTH\77113971 _996896 |
|
| 701 | 1 |
_4070 _7ca _8ukr _aЄгорова _bО. О. _cэкономист _9134971 _3RU\NLR\AUTH\770135005 |
|
| 712 | 0 | 2 |
_4570 _8ukr _aНацiональний iнститут стратегiчних дослiджень _cКиïв _3RU\NLR\AUTH\8810035024 _9568245 |
| 801 | 0 |
_aRU _bNLR _c20110524 _gRCR |
|
| 801 | 1 |
_aRU _bNLR _c20110524 |
|
| 942 | _cBOOK | ||
| 980 | _aNB | ||